Определение динамических и статических деформаций и перемещений строительных конструкций в реальном масштабе времени; Известия Томского политехнического университета [Известия ТПУ]; Т. 305, вып. 5
| Parent link: | Известия Томского политехнического университета [Известия ТПУ]/ Томский политехнический университет (ТПУ).— , 2000- Т. 305, вып. 5.— 2002.— [С. 190-192] |
|---|---|
| 1. Verfasser: | |
| Weitere Verfasser: | |
| Zusammenfassung: | Заглавие с титульного листа Электронная версия печатной публикации Исследована возможность измерения деформаций и перемещений строительных конструкций в реальном масштабе времени с помощью приемно-измерительного комплекса, разработанного в научно-исследовательском институте строительных материалов при Томском государственном архитектурно-строительном университете. |
| Sprache: | Russisch |
| Veröffentlicht: |
2002
|
| Schlagworte: | |
| Online-Zugang: | http://www.lib.tpu.ru/fulltext/v/Bulletin_TPU/2002/v305/i5/37.pdf |
| Format: | MixedMaterials Elektronisch Buchkapitel |
| KOHA link: | https://koha.lib.tpu.ru/cgi-bin/koha/opac-detail.pl?biblionumber=165896 |
MARC
| LEADER | 00000nla2a2200000 4500 | ||
|---|---|---|---|
| 001 | 165896 | ||
| 005 | 20231031161947.0 | ||
| 035 | |a (RuTPU)RU\TPU\book\179959 | ||
| 035 | |a RU\TPU\book\179948 | ||
| 090 | |a 165896 | ||
| 100 | |a 20090923d2002 k y0rusy50 ca | ||
| 101 | 0 | |a rus | |
| 102 | |a RU | ||
| 135 | |a drnn ---uucaa | ||
| 181 | 0 | |a i | |
| 182 | 0 | |a b | |
| 200 | 1 | |a Определение динамических и статических деформаций и перемещений строительных конструкций в реальном масштабе времени |b Электронный ресурс |f С. Л. Капарулин, И. И. Подшивалов | |
| 203 | |a Текст |c электронный | ||
| 215 | |a 1 файл (1.3 Мб) | ||
| 230 | |a Электронные текстовые данные (1 файл : 1.3 Мб) | ||
| 300 | |a Заглавие с титульного листа | ||
| 300 | |a Электронная версия печатной публикации | ||
| 330 | |a Исследована возможность измерения деформаций и перемещений строительных конструкций в реальном масштабе времени с помощью приемно-измерительного комплекса, разработанного в научно-исследовательском институте строительных материалов при Томском государственном архитектурно-строительном университете. | ||
| 337 | |a Adobe Reader | ||
| 461 | 1 | |0 (RuTPU)RU\TPU\book\176237 |t Известия Томского политехнического университета [Известия ТПУ] |f Томский политехнический университет (ТПУ) |d 2000- | |
| 463 | 1 | |0 (RuTPU)RU\TPU\book\179741 |t Т. 305, вып. 5 |o тематический выпуск НИИ интроскопии и кафедры "Физические методы и приборы контроля качества" |f Томский политехнический университет (ТПУ), Научно-исследовательский институт интроскопии (НИИ ИН) ; под ред. В. Л. Чахлова, О. И. Сидуленко, В. К. Кулешова |v [С. 190-192] |d 2002 | |
| 601 | 0 | 2 | |a Томский государственный архитектурно-строительный университет (ТГАСУ) |c (1997- ) |2 stltpush |3 (RuTPU)RU\TPU\col\3 |b Научно-исследовательский институт строительных материалов |
| 610 | 1 | |a труды учёных ТПУ | |
| 610 | 1 | |a электронный ресурс | |
| 610 | 1 | |a динамические деформации | |
| 610 | 1 | |a статические деформации | |
| 610 | 1 | |a статические перемещения | |
| 610 | 1 | |a динамические перемещения | |
| 610 | 1 | |a строительные конструкции | |
| 610 | 1 | |a реальное время | |
| 610 | 1 | |a измерения | |
| 610 | 1 | |a приемно-измерительные комплексы | |
| 610 | 1 | |a научно-исследовательские институты | |
| 700 | 1 | |a Капарулин |b С. Л. | |
| 701 | 1 | |a Подшивалов |b И. И. | |
| 801 | 1 | |a RU |b 63413507 |c 20090623 |g PSBO | |
| 801 | 2 | |a RU |b 63413507 |c 20210419 |g PSBO | |
| 856 | 4 | |u http://www.lib.tpu.ru/fulltext/v/Bulletin_TPU/2002/v305/i5/37.pdf | |
| 942 | |c CF | ||